书目信息 |
| 题名: |
社会主义社会国民收入的若干理论问题
|
|
| 作者: | 杨坚白 主编 | |
| 分册: | ||
| 出版信息: | 北京 中国社会科学出版社 1983 |
|
| 页数: | 419页 | |
| 开本: | 21cm | |
| 丛书名: | ||
| 单 册: | ||
| 中图分类: | F047 | |
| 科图分类: | ||
| 主题词: | 社会主义社会-国民收入分配--问题 , 国民收入分配-社会主义社会--问题 | |
| 电子资源: | ||
| ISBN: | ||
| 000 | 00691nam0 2200229 45 | |
| 001 | 0183003160 | |
| 005 | 20061025143655.67 | |
| 010 | @dCNY1.50 | |
| 100 | @a19950517d1983 em y0chiy0121 ea | |
| 101 | 0 | @achi |
| 102 | @aCN@b110000 | |
| 105 | @ay z 000yy | |
| 200 | 10 | @a社会主义社会国民收入的若干理论问题@Ashe hui zhu yi she hui guo min shou ru de ruo gan li lun wen ti@f杨坚白主编 |
| 210 | @a北京@c中国社会科学出版社@d1983 | |
| 215 | @a419页@d21cm | |
| 606 | @a社会主义社会-国民收入分配@x问题 | |
| 606 | @a国民收入分配-社会主义社会@x问题 | |
| 690 | @aF047@v3 | |
| 701 | 0 | @a杨坚白@Ayang jian bai@4主编 |
| 801 | 2 | @aCN@bNLC@c20061025 |
| 801 | 0 | @aCN@bTSSF |
| 905 | @a10447@dF047@e37 | |
| 社会主义社会国民收入的若干理论问题/杨坚白主编.-北京:中国社会科学出版社,1983 |
| 419页;21cm |
| ISBN :CNY1.50 |
| ● |
| 相关链接 |
|
|
|
|
正题名:社会主义社会国民收入的若干理论问题
索取号:F047/37
 
预约/预借
| 序号 | 登录号 | 条形码 | 馆藏地/架位号 | 状态 | 备注 |
| 1 | 0105064 | 000192160 | 第一样本阅览室/ [索取号:F047/37] | 在馆 |